[Event "28th European Club Cup"]
[Site "Eilat ISR"]
[Date "2012.10.15"]
[Round "5.1"]
[White "Areshchenko, A."]
[Black "Dominguez Perez, L."]
[Result "1/2-1/2"]
[WhiteElo "2710"]
[BlackElo "2734"]
[PlyCount "105"]
[EventDate "2012.10.11"]
[SourceDate "1999.07.01"]
[WhiteTeam "Tomsk-400"]
[BlackTeam "Saint-Petersburg Chess Federation"]

1. e4 c5 2. Nf3 d6 3. d4 cxd4 4. Nxd4 Nf6 5. Nc3 a6 6. Bc4 e6 7. a4 Be7 8. O-O
O-O 9. Be3 Nc6 10. Kh1 Bd7 11. Qe2 Rc8 12. Bb3 Na5 13. Ba2 Qc7 14. Rad1 Nc4 15.
Bc1 Rfd8 16. f4 Be8 17. Rd3 Qb6 18. b3 Na5 19. Bb2 Nc6 20. Nxc6 Bxc6 21. Rg3
Qb4 22. Nd5 exd5 23. exd5 Re8 24. dxc6 bxc6 25. Qxa6 d5 26. Qd3 Bd8 27. Be5 g6
28. Qa6 Be7 29. f5 Ne4 30. Rgf3 Bc5 31. fxg6 fxg6 32. h3 Bd6 33. c3 Qa3 34.
Bxd6 Nxd6 35. Bb1 Qxb3 36. Qa7 Qb7 37. Qc5 Qe7 38. a5 Ne4 39. Qd4 Qc5 40. Qxc5
Nxc5 41. h4 Ne4 42. Bxe4 dxe4 43. Re3 Ra8 44. Ra1 Ra6 45. Ra4 Re5 46. Raxe4
Rxe4 47. Rxe4 Rxa5 48. Kh2 Rc5 49. c4 Kf7 50. g4 h6 51. Kg3 Kf6 52. Kf4 g5+ 53.
hxg5+ 1/2-1/2

[Event "28th European Club Cup"]
[Site "Eilat ISR"]
[Date "2012.10.16"]
[Round "6.3"]
[White "Areshchenko, A."]
[Black "Shirov, A."]
[Result "1-0"]
[WhiteElo "2710"]
[BlackElo "2718"]
[PlyCount "75"]
[EventDate "2012.10.11"]
[SourceDate "1999.07.01"]
[WhiteTeam "Tomsk-400"]
[BlackTeam "Ugra"]

1. e4 c5 2. Nf3 d6 3. d4 cxd4 4. Nxd4 Nf6 5. Nc3 a6 6. Be3 e6 7. f3 b5 8. Qd2
Nbd7 9. g4 Nb6 10. a4 Nc4 11. Bxc4 bxc4 12. g5 Nd7 13. f4 Bb7 14. f5 Nc5 15.
Qg2 g6 16. fxe6 fxe6 17. Rf1 Qd7 18. Nde2 Bg7 19. O-O-O Nxa4 20. Bd4 Bxd4 21.
Rxd4 Nb6 22. Rfd1 d5 23. exd5 O-O-O 24. Qf2 Bxd5 25. Nf4 Rhf8 26. Qe3 Rfe8 27.
Kb1 Qc7 28. Qh3 Kb7 29. Ncxd5 exd5 30. Ne6 Rxe6 31. Qxe6 Qxh2 32. Rf1 Qd6 33.
Rf7+ Kc6 34. Qe1 Qc5 35. Rdf4 Kb5 36. R4f6 Rb8 37. Qe5 Qc8 38. Rxh7 1-0

[Event "28th European Club Cup"]
[Site "Eilat ISR"]
[Date "2012.10.16"]
[Round "6.3"]
[White "Inarkiev, E."]
[Black "Korobov, A."]
[Result "1-0"]
[WhiteElo "2683"]
[BlackElo "2705"]
[PlyCount "108"]
[EventDate "2012.10.11"]
[SourceDate "1999.07.01"]
[WhiteTeam "Tomsk-400"]
[BlackTeam "Ugra"]

1. e4 c5 2. Nf3 d6 3. d4 cxd4 4. Nxd4 Nf6 5. Nc3 a6 6. Be3 e5 7. Nb3 Be6 8. Qd2
Nbd7 9. f3 h5 10. Nd5 Bxd5 11. exd5 g6 12. Be2 Bg7 13. c4 b6 14. O-O O-O 15.
Rae1 Rc8 16. Bg5 Qc7 17. Kh1 Rce8 18. Bd3 Nh7 19. Be3 f5 20. Nc1 Nhf6 21. b3 e4
22. Bb1 b5 23. cxb5 axb5 24. Ne2 Rf7 25. Nf4 Nf8 26. Bd4 Bh6 27. g3 exf3 28.
Rxe8 Nxe8 29. Rxf3 Nf6 30. Bd3 Qb7 31. Bxf6 Rxf6 32. Qe2 b4 33. Bc4 Rf7 34. Re3
Bxf4 35. gxf4 Kg7 36. Re8 Qb6 37. Qb2+ Kh6 38. Kg2 Nh7 39. Re6 Qd8 40. Qd2 Ra7
41. Qf2 Qa8 42. Kh3 Rxa2 43. Qg1 Qg8 44. Qb1 Ra8 45. Qxf5 Rf8 46. Qe4 Nf6 47.
Qd4 Qg7 48. Bd3 g5 49. Qxb4 gxf4 50. Qxf4+ Qg5 51. Qh4 Rf7 52. b4 Qg7 53. b5
Qf8 54. Qg3 h4 1-0

[Event "28th European Club Cup"]
[Site "Eilat ISR"]
[Date "2012.10.17"]
[Round "7.1"]
[White "Sutovsky, E."]
[Black "Khismatullin, D."]
[Result "1-0"]
[WhiteElo "2685"]
[BlackElo "2638"]
[PlyCount "79"]
[EventDate "2012.10.11"]
[SourceDate "1999.07.01"]
[WhiteTeam "SOCAR Azerbaijan"]
[BlackTeam "Tomsk-400"]

1. e4 c5 2. Nf3 d6 3. d4 cxd4 4. Nxd4 Nf6 5. Nc3 a6 6. Be3 e5 7. Nf3 Be7 8. Bc4
O-O 9. O-O Qc7 10. Bb3 Be6 11. Nh4 g6 12. Bh6 Re8 13. Qf3 Ng4 14. Nf5 Bxf5 15.
Be3 Be6 16. Bxe6 fxe6 17. Qxg4 Bf6 18. h4 Kh8 19. f4 Nd7 20. f5 gxf5 21. exf5
Rg8 22. Qe2 Rae8 23. fxe6 Rxe6 24. Nd5 Qc6 25. c4 b5 26. Rac1 Bxh4 27. Rf7 Nf6
28. Rf1 Rg6 29. Ne7 Rxe7 30. Rxe7 bxc4 31. Qf3 Qc8 32. Ra7 Rg8 33. Qf5 Qc6 34.
Rf3 c3 35. bxc3 Qxc3 36. Qh3 Qc2 37. Rf7 Ng4 38. Qxh4 Qb1+ 39. Rf1 Qg6 40. Rf8
1-0

[Event "28th European Club Cup"]
[Site "Eilat ISR"]
[Date "2012.10.17"]
[Round "7.5"]
[White "Navara, D."]
[Black "Shirov, A."]
[Result "1/2-1/2"]
[WhiteElo "2722"]
[BlackElo "2718"]
[PlyCount "86"]
[EventDate "2012.10.11"]
[SourceDate "1999.07.01"]
[WhiteTeam "G-Team Novy Bor"]
[BlackTeam "Ugra"]

1. e4 c5 2. Nf3 d6 3. d4 cxd4 4. Nxd4 Nf6 5. Nc3 a6 6. Be2 e5 7. Nb3 Be7 8. O-O
O-O 9. Re1 Be6 10. Bf3 Qc7 11. a4 Rd8 12. a5 Nbd7 13. Bg5 h6 14. Bh4 g5 15. Bg3
Nf8 16. Nd2 Ng6 17. h3 d5 18. exd5 Nxd5 19. Nxd5 Bxd5 20. Qe2 Qxc2 21. Bxe5 Bb4
22. Bxd5 Rxd5 23. Ne4 Qxe2 24. Nf6+ Kg7 25. Nh5+ Kg8 26. Nf6+ Kh8 27. Nxd5+
Qxe5 28. Rxe5 Nxe5 29. Nxb4 Rd8 30. Re1 f6 31. Rc1 Rd4 32. Na2 Nc6 33. b4 Rd2
34. Nc3 Kg7 35. Ne4 Rd5 36. Nc5 Nxb4 37. Nxb7 h5 38. Nc5 Kg6 39. Rc4 h4 40. f4
Nc6 41. fxg5 Nxa5 42. Rc3 fxg5 43. Nxa6 Nb7 1/2-1/2

[Event "6th SPICE Cup GM"]
[Site "St Louis USA"]
[Date "2012.10.19"]
[Round "7"]
[White "Vachier Lagrave, M."]
[Black "Le Quang Liem"]
[Result "1/2-1/2"]
[WhiteElo "2705"]
[BlackElo "2703"]
[PlyCount "66"]
[EventDate "2012.10.13"]
[SourceDate "1999.07.01"]

1. e4 c5 2. Nf3 d6 3. d4 cxd4 4. Nxd4 Nf6 5. Nc3 a6 6. h3 e6 7. g4 d5 8. exd5
Nxd5 9. Nde2 Bb4 10. Bg2 Nc6 11. O-O Nxc3 12. Nxc3 Qc7 13. Qf3 Bd6 14. Ne4 Be7
15. Bf4 e5 16. Be3 O-O 17. Qg3 Nb4 18. f4 exf4 19. Bxf4 Qxc2 20. Rac1 Qd3 21.
a3 Qxg3 22. Bxg3 Nc6 23. Bd6 Re8 24. Bxe7 Rxe7 25. Nd6 Kf8 26. b4 Rd7 27. Rcd1
Nd8 28. Nxc8 Rxd1 29. Nb6 Rxf1+ 30. Kxf1 Ra7 31. Nc8 Ra8 32. Nb6 Ra7 33. Nc8
Ra8 1/2-1/2

[Event "7th Americas Continental 2012"]
[Site "Mar del Plata ARG"]
[Date "2012.10.15"]
[Round "5.1"]
[White "Bruzon Batista, L."]
[Black "Ricardi, P."]
[Result "1-0"]
[WhiteElo "2717"]
[BlackElo "2505"]
[PlyCount "49"]
[EventDate "2012.10.12"]
[SourceDate "1999.07.01"]

1. e4 c5 2. Nf3 d6 3. d4 cxd4 4. Nxd4 Nf6 5. Nc3 a6 6. Be3 e5 7. Nb3 Be7 8. h3
O-O 9. g4 Be6 10. g5 Nfd7 11. Qd2 Nc6 12. O-O-O a5 13. Kb1 a4 14. Nc1 a3 15. b3
Nd4 16. h4 Re8 17. N1e2 d5 18. Nxd5 Bxd5 19. exd5 Nf5 20. Ng3 Nxe3 21. fxe3 Bf8
22. Bb5 e4 23. Rhf1 g6 24. Qf2 Qe7 25. Rd4 1-0

[Event "7th Americas Continental 2012"]
[Site "Mar del Plata ARG"]
[Date "2012.10.17"]
[Round "7.5"]
[White "Felgaer, R."]
[Black "Ortiz Suarez, I."]
[Result "0-1"]
[WhiteElo "2579"]
[BlackElo "2579"]
[PlyCount "90"]
[EventDate "2012.10.12"]
[SourceDate "1999.07.01"]

1. e4 c5 2. Nf3 d6 3. d4 cxd4 4. Nxd4 Nf6 5. Nc3 a6 6. Be2 e6 7. O-O Qc7 8. f4
Be7 9. Kh1 O-O 10. a4 b6 11. Bf3 Bb7 12. f5 e5 13. Nde2 Nbd7 14. g4 h6 15. g5
hxg5 16. Bxg5 Rfe8 17. Ng3 Rac8 18. Qd2 b5 19. axb5 axb5 20. Rf2 b4 21. Nd5
Nxd5 22. exd5 Bxg5 23. Qxg5 Qd8 24. f6 Qxf6 25. Qg4 Nf8 26. Ne4 Qh6 27. Rg1
Rcd8 28. Rfg2 Ng6 29. Ng5 Nh4 30. Rg3 f5 31. Nf7 Kxf7 32. Qxb4 g5 33. Qxb7+ Re7
34. Qb6 Rh8 35. Qf2 Nxf3 36. Rxf3 f4 37. Rfg3 Qh4 38. R3g2 Qxf2 39. Rxf2 Kf6
40. Rg4 e4 41. Kg1 e3 42. Rf1 e2 43. Re1 Kf5 44. Rg2 f3 45. Rf2 Kf4 0-1

[Event "7th Americas Continental 2012"]
[Site "Mar del Plata ARG"]
[Date "2012.10.19"]
[Round "9.3"]
[White "Shabalov, A."]
[Black "Ortiz Suarez, I."]
[Result "1/2-1/2"]
[WhiteElo "2570"]
[BlackElo "2579"]
[PlyCount "81"]
[EventDate "2012.10.12"]
[SourceDate "1999.07.01"]

1. e4 c5 2. Nf3 d6 3. d4 cxd4 4. Nxd4 Nf6 5. Nc3 a6 6. Bg5 e6 7. f4 h6 8. Bh4
Qb6 9. a3 Be7 10. Bf2 Qc7 11. Qf3 Nbd7 12. O-O-O b5 13. Bd3 Bb7 14. Rhe1 Rc8
15. Qh3 Nc5 16. Kb1 O-O 17. g4 d5 18. g5 hxg5 19. fxg5 Nh7 20. exd5 Nxg5 21.
Qh5 Nxd3 22. Rxd3 Bxd5 23. Nxd5 exd5 24. Rg3 Rfe8 25. Rxe7 Qxe7 26. Rxg5 Qe4
27. Rg4 g6 28. Qh3 Qe5 29. Rh4 Rc4 30. b3 Rcc8 31. Nf3 Qc3 32. Nd4 Qxh3 33.
Rxh3 Re4 34. Rd3 f6 35. b4 Kf7 36. Bg3 Rh8 37. Kc1 g5 38. Kd2 Kg6 39. Nf3 Rd8
40. Rc3 Rde8 41. Rc5 1/2-1/2

[Event "Bundesliga 2012-13"]
[Site "Muelheim GER"]
[Date "2012.10.20"]
[Round "1"]
[White "Berelowitsch, A."]
[Black "Guliyev, N."]
[Result "0-1"]
[WhiteElo "2565"]
[BlackElo "2546"]
[PlyCount "104"]
[EventDate "2012.10.20"]
[EventType "team"]
[SourceDate "1999.07.01"]
[WhiteTeam "SV Muelheim-Nord"]
[BlackTeam "SC Eppingen"]

1. e4 c5 2. Nf3 d6 3. d4 cxd4 4. Nxd4 Nf6 5. Nc3 a6 6. g3 Nc6 7. Bg2 Nxd4 8.
Qxd4 e5 9. Qd3 Be7 10. Bg5 Be6 11. O-O Rc8 12. Rfd1 Ng4 13. Bxe7 Kxe7 14. Rd2
Qb6 15. b3 Rhd8 16. Nd1 Qc5 17. c4 b5 18. cxb5 Qxb5 19. Qxb5 axb5 20. h3 Nf6
21. Ne3 Rc3 22. Rad1 b4 23. Rc2 Rxc2 24. Nxc2 Rb8 25. Kf1 Nd7 26. Ke2 Rb7 27.
Rc1 Nc5 28. Ke3 g5 29. Rh1 Rb8 30. Kd2 h5 31. h4 g4 32. Rd1 Rb6 33. Kc1 Rb8 34.
Ne3 Kd7 35. Kb2 Rf8 36. Rd2 f5 37. exf5 Bxf5 38. Nxf5 Rxf5 39. Kc2 e4 40. Bf1
d5 41. Kd1 Kd6 42. Ke1 Ke5 43. Bb5 Rf8 44. Bf1 Ne6 45. Rc2 Ra8 46. Kd1 Nd4 47.
Rd2 Rf8 48. Bg2 Nb5 49. Kc2 d4 50. Kb2 d3 51. Kc1 Kd4 52. Bf1 Nc3 0-1

[Event "Bundesliga 2012-13"]
[Site "Griesheim GER"]
[Date "2012.10.20"]
[Round "1"]
[White "Hector, J."]
[Black "Tazbir, M."]
[Result "0-1"]
[WhiteElo "2539"]
[BlackElo "2555"]
[PlyCount "148"]
[EventDate "2012.10.20"]
[EventType "team"]
[SourceDate "1999.07.01"]
[WhiteTeam "SK Turm Emsdetten"]
[BlackTeam "Wiesbadener SV"]

1. e4 c5 2. d4 d6 3. Nf3 cxd4 4. Nxd4 Nf6 5. Nc3 a6 6. Bg5 Nbd7 7. f4 Qc7 8.
Qf3 g6 9. O-O-O Bg7 10. Be2 O-O 11. Rhe1 b5 12. Bxf6 Nxf6 13. e5 Bb7 14. exf6
Bxf3 15. fxg7 Bxg2 16. gxf8=Q+ Rxf8 17. Bf3 Bxf3 18. Nxf3 Rc8 19. Rd2 e6 20.
Re3 Qc4 21. Ne2 b4 22. b3 Qc5 23. Red3 Qh5 24. Ng5 Qxh2 25. Rxd6 Qh1+ 26. Rd1
Qg2 27. R6d2 h6 28. Rg1 Qc6 29. Nh3 Qc5 30. Rg3 a5 31. Kb1 a4 32. bxa4 Qa5 33.
Rb3 Qxa4 34. Nf2 Qa8 35. Rxb4 Qa5 36. c3 e5 37. Kb2 Rd8 38. Rc2 exf4 39. Nxf4
Qf5 40. Ng2 Qf3 41. Ng4 Kg7 42. Ne5 Qf6 43. Nc4 h5 44. Nd2 Qe5 45. Nf3 Qg3 46.
Nd4 Rb8 47. Nb5 g5 48. a4 h4 49. Re4 h3 50. Ne3 Qf3 51. Re5 Qf4 52. Nf5+ Kh7
53. Rd5 h2 54. Rd1 Qxf5 55. Rxh2+ Kg7 56. Rd4 Qf3 57. Kc2 Re8 58. Rdd2 Re3 59.
Kb3 g4 60. Rhf2 Qc6 61. Rc2 g3 62. Rfd2 Re5 63. c4 Rg5 64. Rg2 Rg4 65. Kb2 f5
66. Rcd2 Qxc4 67. Rd7+ Kg6 68. Nc3 Qf1 69. Re2 g2 70. Re6+ Kg5 71. Rg7+ Kf4 72.
Nd5+ Kg3 73. Re3+ Kf2 74. Rf7 Rg5 0-1

[Event "Bundesliga 2012-13"]
[Site "Muelheim GER"]
[Date "2012.10.21"]
[Round "2"]
[White "Potkin, V."]
[Black "Ribli, Z."]
[Result "1-0"]
[WhiteElo "2663"]
[BlackElo "2554"]
[PlyCount "93"]
[EventDate "2012.10.20"]
[EventType "team"]
[SourceDate "1999.07.01"]
[WhiteTeam "SV Muelheim-Nord"]
[BlackTeam "SV 1930 Hockenheim"]

1. e4 c5 2. Nf3 d6 3. d4 cxd4 4. Nxd4 Nf6 5. Nc3 a6 6. f3 e5 7. Nb3 Be7 8. Be3
Be6 9. Qd2 O-O 10. O-O-O Nbd7 11. g4 b5 12. Rg1 Nb6 13. Na5 Qc7 14. g5 Nh5 15.
Nd5 Bxd5 16. exd5 Nxd5 17. Qxd5 Qxa5 18. Kb1 Qc7 19. Rg4 g6 20. Rb4 Nf4 21.
Bxf4 exf4 22. Rxf4 Rac8 23. c4 Qb8 24. h4 Rc5 25. Qd2 d5 26. cxb5 axb5 27. Rd4
Rfc8 28. f4 Qc7 29. Bd3 Bf8 30. f5 Bd6 31. h5 gxh5 32. f6 Bg3 33. Bf5 Re8 34.
Rxd5 h4 35. Bc2 Rxc2 36. Qxc2 Qxc2+ 37. Kxc2 h6 38. gxh6 Kh7 39. Rxb5 Re6 40.
a4 Rxf6 41. a5 h3 42. Rh5 h2 43. b4 Rf2+ 44. Rd2 Rf1 45. Rdxh2 Bxh2 46. Rxh2 f5
47. Kd3 1-0

[Event "1st FIDE GP London 2012"]
[Site "London ENG"]
[Date "2012.10.03"]
[Round "11"]
[White "Ivanchuk, V."]
[Black "Wang Hao"]
[Result "1/2-1/2"]
[WhiteElo "2769"]
[BlackElo "2742"]
[PlyCount "77"]
[EventDate "2012.09.21"]
[SourceDate "1999.07.01"]

1. e4 c5 2. Nf3 d6 3. d4 cxd4 4. Nxd4 Nf6 5. Nc3 a6 6. Bc4 e6 7. O-O Nc6 8. Bb3
Be7 9. f4 O-O 10. Be3 Nxd4 11. Bxd4 b5 12. e5 dxe5 13. fxe5 Nd7 14. Ne4 Bb7 15.
Nd6 Bxd6 16. exd6 Qg5 17. Rf2 Bd5 18. Bc3 Bxb3 19. axb3 Qc5 20. Qg4 g6 21. Rd1
Rae8 22. Qf3 e5 23. Qb7 Qc8 24. Qc7 f5 25. Ra1 f4 26. Re2 g5 27. Rae1 Re6 28.
Bxe5 Qe8 29. Qc3 Qg6 30. Bh8 Rxd6 31. Re7 Rf7 32. Bd4 g4 33. Qc8+ Rf8 34. Qc3
Rf7 35. Rxf7 Kxf7 36. Qc8 Rxd4 37. Qe8+ Kg7 38. Qe7+ Qf7 39. Qg5+ 1/2-1/2

[Event "13th Karpov GM"]
[Site "Poikovsky RUS"]
[Date "2012.10.04"]
[Round "6"]
[White "Bologan, V."]
[Black "Wojtaszek, R."]
[Result "0-1"]
[WhiteElo "2712"]
[BlackElo "2713"]
[PlyCount "142"]
[EventDate "2012.09.27"]
[SourceDate "1999.07.01"]

1. e4 c5 2. Nf3 d6 3. d4 cxd4 4. Nxd4 Nf6 5. Nc3 a6 6. Be3 e5 7. Nf3 Be7 8. Bc4
O-O 9. O-O Qc7 10. Bb3 Be6 11. Nd2 Nbd7 12. a4 Nc5 13. Bxc5 Qxc5 14. Qf3 Bd8
15. Qd3 Rc8 16. a5 Bc7 17. Ra4 Bd7 18. Raa1 Bxa5 19. Bxf7+ Rxf7 20. Nb3 Qb6 21.
Rxa5 Be6 22. Qe3 Qd8 23. Raa1 Bc4 24. Rfe1 Ng4 25. Qg3 Nxf2 26. h3 Nd3 27. cxd3
Bxb3 28. Qe3 Rc6 29. d4 Qb6 30. d5 Qxe3+ 31. Rxe3 Rb6 32. Nb1 Rb4 33. Nd2 Ba4
34. b3 Bb5 35. Rc1 Rd4 36. Rf3 Rf8 37. Rc2 h6 38. Kf2 Rd8 39. Re3 Rd7 40. Ke1
Rf7 41. Rc8+ Kh7 42. h4 a5 43. Rf3 Rxf3 44. gxf3 a4 45. bxa4 Rxa4 46. Rd8 Ra1+
47. Kf2 Rd1 48. Nb3 Rf1+ 49. Ke3 Rb1 50. Na5 Rb2 51. f4 Re2+ 52. Kf3 exf4 53.
Nxb7 g5 54. Nxd6 Re3+ 55. Kg4 Rg3+ 56. Kf5 f3 57. Nxb5 f2 58. Rd7+ Kg8 59. Rd8+
Kg7 60. Rd7+ Kf8 61. Nd6 f1=Q+ 62. Ke6 gxh4 63. Rd8+ Kg7 64. Nf5+ Kh7 65. Rd7+
Kh8 66. Rd8+ Rg8 67. Rxg8+ Kxg8 68. d6 Qc4+ 69. Ke5 Kf7 70. Nxh6+ Ke8 71. Ng4
Qc5+ 0-1

[Event "13th Karpov GM"]
[Site "Poikovsky RUS"]
[Date "2012.10.06"]
[Round "8"]
[White "Rublevsky, S."]
[Black "Bologan, V."]
[Result "1-0"]
[WhiteElo "2693"]
[BlackElo "2712"]
[PlyCount "77"]
[EventDate "2012.09.27"]
[SourceDate "1999.07.01"]

1. e4 c5 2. Nf3 d6 3. d4 cxd4 4. Nxd4 Nf6 5. Nc3 a6 6. Bc4 e6 7. Bb3 Nbd7 8.
Bg5 Qa5 9. Qd2 Be7 10. O-O-O Nc5 11. Rhe1 h6 12. Bxf6 Bxf6 13. Nf5 O-O 14. Nxd6
Rd8 15. f4 Nxb3+ 16. cxb3 e5 17. Qf2 exf4 18. e5 Be7 19. h4 Be6 20. Qxf4 b5 21.
Kb1 b4 22. Nce4 Qb6 23. g4 a5 24. g5 a4 25. gxh6 axb3 26. hxg7 Qc6 27. Re2 Bd5
28. Ng3 Rxa2 29. Qh6 Ra1+ 30. Kxa1 Qa6+ 31. Kb1 Qa2+ 32. Kc1 Rc8+ 33. Nxc8 Qa1+
34. Kd2 Qxb2+ 35. Ke3 Qc3+ 36. Rd3 Bc5+ 37. Kf4 Qc1+ 38. Red2 Qc4+ 39. Rd4 1-0

[Event "St Petersburg Rapid Cup 2012"]
[Site "St Petersburg RUS"]
[Date "2012.10.07"]
[Round "10.5"]
[White "Alekseev, Evgeny"]
[Black "Inarkiev, E."]
[Result "1-0"]
[WhiteElo "2683"]
[BlackElo "2683"]
[PlyCount "97"]
[EventDate "2012.10.05"]
[SourceDate "1999.07.01"]

1. e4 c5 2. Nf3 d6 3. d4 cxd4 4. Nxd4 Nf6 5. Nc3 a6 6. Be2 Nbd7 7. a4 Nc5 8.
Bf3 e6 9. O-O Be7 10. a5 O-O 11. Re1 Qc7 12. Be3 Rb8 13. Nb3 b6 14. axb6 Rxb6
15. Na4 Nxa4 16. Rxa4 Rb8 17. Qd2 Bb7 18. Na5 Ba8 19. Rc4 Qd7 20. b3 d5 21.
exd5 Nxd5 22. Bc5 Rfd8 23. Bxe7 Qxe7 24. Rd4 Qc7 25. Rd1 Rdc8 26. c4 Nb4 27.
Bb7 Bxb7 28. Nxb7 Nc6 29. Rd7 Qe5 30. h3 h6 31. c5 Rc7 32. Rxc7 Qxc7 33. Nd6
Rxb3 34. Qc2 Rb8 35. Qc3 a5 36. Rd3 e5 37. Kh2 a4 38. Qc4 Rb4 39. Qa6 Rf4 40.
Ne8 Qa7 41. Qxc6 a3 42. Rd8 Kh7 43. Ra8 Qe7 44. Rxa3 Rxf2 45. Rg3 g6 46. Nd6 h5
47. Rf3 Qh4 48. Qe4 Qxe4 49. Nxe4 1-0

[Event "77th ch-ESP 2012"]
[Site "San Agustin ESP"]
[Date "2012.10.07"]
[Round "9.1"]
[White "Korneev, O."]
[Black "Alsina Leal, D."]
[Result "1/2-1/2"]
[WhiteElo "2596"]
[BlackElo "2528"]
[PlyCount "39"]
[EventDate "2012.09.29"]
[SourceDate "1999.07.01"]

1. e4 c5 2. Nf3 d6 3. d4 cxd4 4. Nxd4 Nf6 5. Nc3 a6 6. Be3 e5 7. Nf3 Qc7 8. a4
Be7 9. Be2 O-O 10. O-O b6 11. Qd3 Nc6 12. Rfc1 Qb7 13. Nd5 Nxd5 14. Qxd5 Be6
15. Qd1 Na5 16. c4 Qxe4 17. Nd2 Qh4 18. Nf3 Qe4 19. Nd2 Qh4 20. Nf3 1/2-1/2

[Event "TCh-CHN 2012"]
[Site "Hangzhou CHN"]
[Date "2012.10.06"]
[Round "15"]
[White "Yu Shaoteng"]
[Black "Bu Xiangzhi"]
[Result "0-1"]
[WhiteElo "2507"]
[BlackElo "2668"]
[PlyCount "72"]
[EventDate "2012.04.28"]
[SourceDate "1999.07.01"]
[WhiteTeam "Guangdong Huateng Club Team"]
[BlackTeam "Shandong Gree Team"]

1. e4 c5 2. Nf3 d6 3. d4 cxd4 4. Nxd4 Nf6 5. Nc3 a6 6. Be2 e5 7. Nb3 Be7 8. Bg5
O-O 9. Bxf6 Bxf6 10. Nd5 Bg5 11. Qd3 Nc6 12. c3 Be6 13. Rd1 Rc8 14. g3 Kh8 15.
h4 Bh6 16. Ne3 Bxe3 17. Qxe3 Qc7 18. O-O Ne7 19. Bf3 f5 20. Qd2 f4 21. Qxd6 Bc4
22. Qxc7 Rxc7 23. Rfe1 fxg3 24. Re3 gxf2+ 25. Kxf2 Ng6 26. Kg3 Nf4 27. Rd6 g5
28. hxg5 Rg7 29. Kh4 Rfg8 30. Nc5 Rxg5 31. Rd8 Rg1 32. Rxg8+ Kxg8 33. b3 Bf1
34. Re1 Kg7 35. Nxb7 Ng6+ 36. Kh5 h6 0-1

[Event "1st FIDE GP London 2012"]
[Site "London ENG"]
[Date "2012.09.27"]
[Round "6"]
[White "Leko, P."]
[Black "Giri, A."]
[Result "1/2-1/2"]
[WhiteElo "2737"]
[BlackElo "2730"]
[PlyCount "71"]
[EventDate "2012.09.21"]
[SourceDate "1999.07.01"]

1. e4 c5 2. Nf3 d6 3. d4 cxd4 4. Nxd4 Nf6 5. Nc3 a6 6. Be3 Ng4 7. Bc1 Nf6 8. f3
e5 9. Nb3 Be6 10. Be3 h5 11. Qd2 Nbd7 12. Nd5 Bxd5 13. exd5 g6 14. O-O-O Nb6
15. Kb1 Nbxd5 16. Bg5 Be7 17. g3 O-O 18. f4 a5 19. Bg2 a4 20. Bxd5 Nxd5 21.
Qxd5 axb3 22. Qxb3 Bxg5 23. fxg5 Qxg5 24. Rxd6 e4 25. h4 Qf5 26. a3 Rae8 27.
Re1 Re7 28. Re3 Rc8 29. Rd4 Kg7 30. Qb4 Rce8 31. Qd2 Re5 32. Qc3 Kh7 33. Qd2
Kg7 34. Qc3 Kh7 35. Qd2 Kg7 36. Qc3 1/2-1/2

[Event "1st FIDE GP London 2012"]
[Site "London ENG"]
[Date "2012.09.29"]
[Round "8"]
[White "Leko, P."]
[Black "Grischuk, A."]
[Result "1/2-1/2"]
[WhiteElo "2737"]
[BlackElo "2754"]
[PlyCount "83"]
[EventDate "2012.09.21"]
[SourceDate "1999.07.01"]

1. e4 c5 2. Nf3 d6 3. d4 cxd4 4. Nxd4 Nf6 5. Nc3 a6 6. f3 e6 7. Be3 b5 8. Qd2
Nbd7 9. g4 h6 10. O-O-O b4 11. Nce2 Qc7 12. h4 d5 13. Bf4 e5 14. Bh2 dxe4 15.
g5 hxg5 16. hxg5 Rxh2 17. Rxh2 exd4 18. Rh4 b3 19. axb3 Nc5 20. Nxd4 Nd5 21.
fxe4 Nb4 22. c3 Be6 23. Kb1 Nxb3 24. Nxb3 Bxb3 25. cxb4 Qc6 26. Rh3 Bxd1 27.
Qxd1 Rb8 28. Qd4 Rxb4 29. Qe5+ Qe6 30. Qxe6+ fxe6 31. Bxa6 Bd6 32. g6 Be5 33.
b3 Rxe4 34. Kc2 Ke7 35. Bd3 Rg4 36. Re3 Kd6 37. Re4 Rxe4 38. Bxe4 Kc5 39. Kd3
Kb4 40. Kc2 Kc5 41. Kd3 Kb4 42. Kc2 1/2-1/2

[Event "13th Karpov GM"]
[Site "Poikovsky RUS"]
[Date "2012.09.28"]
[Round "1"]
[White "Motylev, A."]
[Black "Wojtaszek, R."]
[Result "0-1"]
[WhiteElo "2658"]
[BlackElo "2713"]
[PlyCount "246"]
[EventDate "2012.09.27"]
[SourceDate "1999.07.01"]

1. e4 c5 2. Nf3 d6 3. d4 cxd4 4. Nxd4 Nf6 5. Nc3 a6 6. Bg5 Nbd7 7. Qe2 h6 8.
Bxf6 Nxf6 9. O-O-O e5 10. Nf5 g6 11. Ne3 Be6 12. g3 Rc8 13. Ncd5 Nxd5 14. Nxd5
h5 15. h4 Rc5 16. Nb4 Qb6 17. a3 Bh6+ 18. Kb1 O-O 19. Bh3 Bc4 20. Qf3 a5 21.
Nd3 Rc7 22. g4 hxg4 23. Bxg4 d5 24. Nxe5 Bg7 25. Nxc4 Rxc4 26. Qb3 Qxf2 27. Bd7
Rxe4 28. h5 Rd8 29. Rxd5 gxh5 30. Ka2 Re3 31. Qa4 Qf6 32. Rb1 Re5 33. Rxe5 Qxe5
34. Qc4 h4 35. c3 Qd6 36. Bh3 Qd5 37. Qxd5 Rxd5 38. Rf1 Rd2 39. Rf3 Be5 40. a4
Kg7 41. Ka3 Bd6+ 42. Kb3 f6 43. Rf5 Rh2 44. Bf1 b6 45. Rf3 Be5 46. Bh3 Kg6 47.
Bc8 Rd2 48. Bh3 Bg3 49. Ka3 Rh2 50. Bc8 Re2 51. b4 Re5 52. Bh3 Kg5 53. Kb3 f5
54. Kc4 f4 55. Rd3 Re4+ 56. Kb5 Re3 57. Kc4 Be1 58. bxa5 bxa5 59. Rd5+ Kf6 60.
Rd6+ Ke7 61. Rd7+ Kf6 62. Rd6+ Ke7 63. Rd7+ Ke8 64. Rd3 Re2 65. Kd5 Bf2 66. Bg4
Re7 67. Rd2 Be3 68. Rh2 Rh7 69. Ke4 Ke7 70. Rb2 Kd6 71. Rb5 Re7+ 72. Kf3 Bd2
73. c4 Re3+ 74. Kxf4 Rc3+ 75. Kf5 Rxc4 76. Rb6+ Kc5 77. Rb5+ Kd6 78. Rb6+ Kc5
79. Rb5+ Kd4 80. Rb1 Rc5+ 81. Kf6 Ke4 82. Rf1 Bg5+ 83. Kf7 Bf4 84. Bd7 Rc3 85.
Rh1 Bg3 86. Kg6 Kf3 87. Rb1 Kg2 88. Rb2+ Bf2 89. Rb5 Rc5 90. Rb3 Rc7 91. Bh3+
Kh2 92. Bf5 Rc4 93. Rb2 Kg3 94. Rb3+ Kg2 95. Bd7 Rd4 96. Bc6+ Kh2 97. Bb5 Rd5
98. Rb2 Kg3 99. Rb3+ Kf4 100. Be2 Be3 101. Bf1 Rg5+ 102. Kf7 Rg1 103. Bh3 Rg3
104. Bd7 Rg5 105. Rb1 Bf2 106. Rb3 Re5 107. Rd3 Be1 108. Rd4+ Kf3 109. Kg6 Bf2
110. Rd3+ Be3 111. Kf6 Rc5 112. Rb3 Rc4 113. Kg6 Rd4 114. Bc6+ Kf2 115. Kh5 h3
116. Rb5 Rd6 117. Rf5+ Kg1 118. Ba8 Bd2 119. Rb5 h2 120. Rb1+ Kf2 121. Kg4 Rg6+
122. Kf5 Rg1 123. Rb2 Ke2 0-1

[Event "13th Karpov GM"]
[Site "Poikovsky RUS"]
[Date "2012.10.01"]
[Round "4"]
[White "Rublevsky, S."]
[Black "Wojtaszek, R."]
[Result "1/2-1/2"]
[WhiteElo "2693"]
[BlackElo "2713"]
[PlyCount "110"]
[EventDate "2012.09.27"]
[SourceDate "1999.07.01"]

1. e4 c5 2. Nf3 d6 3. d4 cxd4 4. Nxd4 Nf6 5. Nc3 a6 6. Be2 e5 7. Nb3 Be7 8. O-O
O-O 9. Re1 Be6 10. Bf3 Nbd7 11. a4 Qc7 12. a5 Rfc8 13. Be3 h6 14. Qd2 Rab8 15.
Rec1 b5 16. axb6 Nxb6 17. Na5 Rd8 18. Rd1 d5 19. Bxb6 Rxb6 20. exd5 e4 21. Nxe4
Nxd5 22. c3 Nf4 23. Qc2 Rdb8 24. b3 Rxb3 25. Nxb3 Bxb3 26. Qc1 Bxd1 27. Qxd1 a5
28. g3 Ng6 29. Qd5 Ne5 30. Bh5 Bd8 31. Nd6 Bf6 32. f4 Qxc3 33. Rd1 Nc6 34.
Bxf7+ Kh8 35. Bg6 Qb3 36. Nf7+ Kg8 37. Nxh6+ Kf8 38. Qc5+ Be7 39. Qf5+ Bf6 40.
Qc5+ Be7 41. Qh5 gxh6 42. Qxh6+ Kg8 43. Qh7+ Kf8 44. Qh6+ Kg8 45. Re1 Bc5+ 46.
Kg2 Qb2+ 47. Kh1 Qg7 48. Qh5 Ne7 49. Qxc5 Nxg6 50. Qxa5 Rb2 51. Re8+ Nf8 52.
Qd5+ Qf7 53. Qg5+ Qg7 54. Qd5+ Qf7 55. Qg5+ Qg7 1/2-1/2

[Event "Baku Open 2012"]
[Site "Baku AZE"]
[Date "2012.09.27"]
[Round "6.4"]
[White "Mamedov, Nid"]
[Black "Negi, P."]
[Result "1/2-1/2"]
[WhiteElo "2614"]
[BlackElo "2658"]
[PlyCount "43"]
[EventDate "2012.09.22"]
[SourceDate "1999.07.01"]

1. e4 c5 2. Nf3 d6 3. d4 cxd4 4. Nxd4 Nf6 5. Nc3 a6 6. Be3 e6 7. f3 b5 8. Qd2
Nbd7 9. g4 b4 10. Nce2 h6 11. O-O-O Qc7 12. Qxb4 d5 13. Qc3 Qxc3 14. Nxc3 dxe4
15. Nxe4 Nxe4 16. fxe4 Bb7 17. h3 Bxe4 18. Rg1 Bc5 19. Bg2 Bxg2 20. Rxg2 O-O
21. Re2 Nb6 22. Nc6 1/2-1/2